000 00475nam a22001577a 4500
005 20240903133811.0
008 240903b |||||||| |||| 00| 0 eng d
041 _a10246991
082 _a349 NAM
100 _lEnglish
245 _aThe Namibian Law Reports 2008
260 _aWindhoek:
_bLegal Assistance Centre and Juta and Company Ltd,
_c2008
300 _bxxvii, 398 pages;
_c26 cm.
650 _aLegal practice
_bLaw
942 _cBK
_6ALISON_BN_VRIES
999 _c2993
_d2993